书目信息 |
| 题名: |
受众分析
|
|
| 作者: | 麦奎尔 著 ;刘燕南 , 李颖 , 杨振荣 译 | |
| 分册: | ||
| 出版信息: | 北京 中国人民大学出版社 2006 |
|
| 页数: | 26,221页 | |
| 开本: | 23cm | |
| 丛书名: | 新闻与传播学译丛·传播学研究方法系列 | |
| 单 册: | ||
| 中图分类: | G206.3 | |
| 科图分类: | ||
| 主题词: | 大众传播--研究 , 大众传播 | |
| 电子资源: | ||
| ISBN: | 7-300-07158-9 | |
| 000 | 01121oam2 2200313 450 | |
| 001 | 003181146 | |
| 005 | 20091207095408.05 | |
| 010 | @a7-300-07158-9@dCNY29.80 | |
| 100 | @a20060529d2006 em y0chiy0110 ea | |
| 101 | 1 | @achi@ceng |
| 102 | @aCN@b110000 | |
| 105 | @ay z 001yy | |
| 106 | @ar | |
| 200 | 1 | @a受众分析@9shou zhong fen xi@dAudience analysis@e中文版@f丹尼斯·麦奎尔(Denis McQuail)著@g刘燕南,李颖,杨振荣译@zeng |
| 210 | @a北京@c中国人民大学出版社@d2006 | |
| 215 | @a26,221页@d23cm | |
| 225 | 2 | @a新闻与传播学译丛·传播学研究方法系列 |
| 330 | @a本书对受众这一概念及其演变历史进行了梳理,全面总结和分析了各种受众理论和受众研究的主要传统、方法和结果。 | |
| 461 | 0 | @12001 @a新闻与传播学译丛·传播学研究方法系列 |
| 510 | 1 | @aAudience analysis@zeng |
| 606 | 0 | @a大众传播@x研究 |
| 606 | 0 | @a大众传播 |
| 690 | @aG206.3@v4 | |
| 701 | 0 | @c(荷)@a麦奎尔@9mai kui er@c(McQuail, Denis)@4著 |
| 702 | 0 | @a刘燕南@9liu yan nan@c(女)@4译 |
| 702 | 0 | @a李颖@9li ying@c(传播学)@4译 |
| 702 | 0 | @a杨振荣@9yang zhen rong@c(传播学)@4译 |
| 801 | 0 | @aCN@bNLC@c20091207 |
| 905 | @b20796669-73@dG206.3@e310@f5 | |
| 受众分析=Audience analysis:中文版/丹尼斯·麦奎尔(Denis McQuail)著/刘燕南,李颖,杨振荣译.-北京:中国人民大学出版社,2006 |
| 26,221页;23cm.-(新闻与传播学译丛·传播学研究方法系列) |
| ISBN 7-300-07158-9:CNY29.80 |
| 本书对受众这一概念及其演变历史进行了梳理,全面总结和分析了各种受众理论和受众研究的主要传统、方法和结果。 |
| ● |
| 相关链接 |
|
|
|
|
正题名:受众分析
索取号:G206.3/310
 
预约/预借
| 序号 | 登录号 | 条形码 | 馆藏地/架位号 | 状态 | 备注 |
| 1 | 796669 | 207966691 | 第一样本阅览室/ [索取号:G206.3/310] | 在馆 | |
| 2 | 796670 | 207966708 | 第四借阅区/ [索取号:G206.3/310] | 在馆 | |
| 3 | 796671 | 207966717 | 第四借阅区/ [索取号:G206.3/310] | 在馆 | |
| 4 | 796672 | 207966726 | 第四借阅区/ [索取号:G206.3/310] | 在馆 | |
| 5 | 796673 | 207966735 | 第四借阅区/ [索取号:G206.3/310] | 在馆 |